As vinhas da ira / (Record no. 319)

MARC details
000 -LÍDER
campo de controle de tamanho fixo 02221nam a22003377a 4500
001 - NÚMERO DE CONTROLE
campo de controle 319
003 - IDENTIFICADOR DO NÚMERO DE CONTROLE
campo de controle OSt
005 - DATA E HORÁRIO DA ÚLTIMA TRANSAÇÃO
campo de controle 20250528074017.0
008 - CAMPO DE DADOS FIXOS--INFORMAÇÃO GERAL
campo de controle de tamanho fixo 250326b |||||||e |||| 00| f eng d
040 ## - FONTE DA CATALOGAÇÃO
Idioma da catalogação por
041 ## - CÓDIGO DE IDIOMA
Código do idioma do original e/ou traduções intermediárias do texto eng
Código do idioma do texto/trilha sonora ou título diferente por
082 ## - CDD - CLASSIFICAÇÃO DECIMAL DE DEWEY
Número de Classificação 813
Número do exemplar S819v
100 1# - ENTRADA PRINCIPAL--NOME PESSOAL
Nome pessoal STEINBECK, John,
Datas associadas ao nome 1902-1968.
9 (RLIN) 637
240 ## - TÍTULO UNIFORME
Título uniforme The grapes of wrath
245 ## - TÍTULO
Título As vinhas da ira /
Indicação de responsabilidade, etc. Steinbeck, John ; Tradução de Ernesto Vinhaes e Herbert Caro
260 ## - PUBLICAÇÃO, DISTRIBUIÇÃO, ETC.
Local de publicação, distribuição, etc. São Paulo
Nome do editor, distribuidor, etc. Abril
Data da publicação, distribuição, etc. 1972
300 ## - DESCRIÇÃO FÍSICA
Extensão 629 p.
490 1# - TÍTULO DA SÉRIE
Título da série Os Imortais da Literatura Universal
520 ## - NOTA DE RESUMO, ETC.
Resumo, etc. As Vinhas da Ira é um romance sobre a dignidade humana em condições desesperadas. Entre 1930 e 1939, as grandes planícies do Texas e do Oklahoma foram assoladas por centenas de tempestades de poeira que causaram um desastre ecológico sem precedentes, agravaram os efeitos da Grande Depressão, deixaram cerca de meio milhão de americanos sem casa, e provocaram o êxodo de muitos deles para Oeste, nomeadamente para a Califórnia, em busca de trabalho. Quando os Joad perdem a quinta de que eram rendeiros no Oklahoma, juntam-se a milhares de outros que ao longo das estradas se dirigem para Oeste, no sonho de conseguirem uma terra que possam considerar sua. E noite após noite, eles e os seus companheiros de desdita reinventam toda uma sociedade: escolhem-se líderes, redefinem-se códigos implícitos de generosidade, irrompem acessos de violência, de desejo brutal, de raiva assassina. Este romance que é universalmente considerado a obra-prima de John Steinbeck é o retrato épico do desapiedado conflito entre os poderosos e aqueles que nada têm, do modo como um homem pode reagir à injustiça, e também da força tranquila e estóica de uma mulher. As Vinhas da Ira é um marco da literatura norte-americana.<br/>
650 #0 - ASSUNTO--TERMO TÓPICO
Cabeçalho tópico ou nome geográfico Literatura Americana
9 (RLIN) 84
650 #0 - ASSUNTO--TERMO TÓPICO
Cabeçalho tópico ou nome geográfico Conflito de classe
9 (RLIN) 638
650 #0 - ASSUNTO--TERMO TÓPICO
Cabeçalho tópico ou nome geográfico Aventura
9 (RLIN) 47
650 #0 - ASSUNTO--TERMO TÓPICO
Cabeçalho tópico ou nome geográfico Exploração de trabalhadores
9 (RLIN) 639
650 #0 - ASSUNTO--TERMO TÓPICO
Cabeçalho tópico ou nome geográfico Clássicos
9 (RLIN) 77
655 #0 - TERMO DE ÍNDICE--GÊNERO E FORMA
Gênero/forma/ou termo foco Romance
655 #0 - TERMO DE ÍNDICE--GÊNERO E FORMA
Gênero/forma/ou termo foco Ficção
700 ## - ENTRADA ADICIONADA - NOME PESSOAL
Nome pessoal Ernesto Vinhares
Função do autor por extenso TRADUTOR
9 (RLIN) 640
700 ## - ENTRADA ADICIONADA - NOME PESSOAL
Nome pessoal Herbert Caro
Função do autor por extenso TRADUTOR
9 (RLIN) 641
830 ## - ENTRADA SECUNDÁRIA DE SÉRIE--TÍTULO UNIFORME
Título uniforme Os Imortais da Literatura Universal
9 (RLIN) 461
Número do volume ou designação sequencial da série vol. 34
942 ## - ELEMENTOS DE ENTRADA ADICIONADOS (KOHA)
Fonte de classificação ou esquema de arquivamento Classificação decimal de Dewey
Ocultar no OPAC Não
Tipo de material Koha Livros
Holdings
Situação do descarte Situação das perdas Fonte de classificação ou esquema de arquivamento Status danificado Não pode ser emprestado Biblioteca de origem Biblioteca atual Localização na estante Data de aquisição Fonte de aquisição Total de empréstimos Número de chamada completo Código de barras Data de último acesso Data do preço efetivo Tipo de material Koha
    Classificação decimal de Dewey     Biblioteca Professor Eduardo Afonso de Castro Biblioteca Professor Eduardo Afonso de Castro Literatura Estrangeira 26.03.2025 doação   813 / S819v 2025-17272 26.03.2025 26.03.2025 Livros

Powered by Koha